00320nam a2200133Ia 4500008004100000041000800041082001500049100001900064245002800083260003300111300000800144365001500152700001900167230718s9999 xx 000 0 und d aeng a794.1bPRI aPritchard B.D. aRight Way To Play Chess c1995bJaico Publishing House a223 cRs.b75.00 aPritchard B.D.